banner-ar

الجامع بين العلم والعمل النافع فى صناعة الحيل / (Record no. 43430)

MARC details
000 -الفاتح
حقل البيانات ثابتة الطول 00761nam a2200205Ia 4500
008 - عناصر البيانات ثابتة الطول - معلومات عامة
حقل البيانات ثابتة الطول 140319s9999 xx 000 0 ara d
040 ## - مصدر الفهرسة
وكالة الفهرسة الأصلية GCL /
وكالة النسخ GCL
082 04 - رقم تصنيف ديوى العشرى
رقم التصنيف 509
رقم المادة ج ج
100 1# - المدخل الرئيسى - إسم شخصى
الإسم الشخصى الجزري, ابى العزيز بن اسمعيل
245 10 - بيان العنوان
العنوان الجامع بين العلم والعمل النافع فى صناعة الحيل /
بيان المسئوليه,etc الجزري, ابى العزيز بن اسمعيل
700 1# - المدخل الاضافى - اسم شخصى
الإسم الشخصى احمد يوسف الحسن
300 ## - الوصف المادى
التعداد 590
490 ## - بيان السلسلة
عنوان السلسلة سلسلة تاريخ التكنولوجيا
رقم المجلد/ التعيين التسلسلي 0
650 04 - المدخل الاضافى بالموضوع-مصطلح موضوعى
مصطلح موضوعي الهندسة الميكانيكية
650 04 - المدخل الاضافى بالموضوع-مصطلح موضوعى
مصطلح موضوعي العلوم عند العرب
650 04 - المدخل الاضافى بالموضوع-مصطلح موضوعى
مصطلح موضوعي التكنولوجيا - الاختراعات
650 04 - المدخل الاضافى بالموضوع-مصطلح موضوعى
مصطلح موضوعي العلوم - تاريخ
942 ## - عناصر المدخل الإضافي( كوها)
مصدر التصنيف او مخطط الترفيف Dewey Decimal Classification
Koha [default] item type كتاب
Holdings
حالة التراجع حالة الفقد حالة تلف ليس للاعارة المكان المؤقت الموقع الحالى تاريخ الاكتساب اجمالي اﻻعارات رقم الطلب الباركود تاريخ اخر مشاهدة تاريخ تفعيل السعر نوع وعاء كوها
        مكتبة القاهرة الكبرى مكتبة القاهرة الكبرى 03/26/2014   509\ ج ج 105139 03/26/2014 03/26/2014 كتاب
        مكتبة القاهرة الكبرى مكتبة القاهرة الكبرى 03/26/2014   509\ ج ج 105140 03/26/2014 03/26/2014 كتاب
        مكتبة القاهرة الكبرى مكتبة القاهرة الكبرى 03/26/2014   509\ ج ج 105141 03/26/2014 03/26/2014 كتاب

Powered By

EGPV